000 00360nam a2200145Ia 4500
008 230917s9999||||xx |||||||||||||| ||und||
040 _e94920
_aMAIN
041 _aEnglish
082 _a320.85 G552U
100 _aGoel, S L
245 0 _aUrban development and management
260 _aNew Delhi
_bDeep & Deep
_c2002
300 _axviii, 429 p.
942 _cBK
999 _c112745
_d112745